1712 1532 1423 1488 1966 1955 1071 1313 1493 1925 1513 1530 1791 1319 1304 1409 1570 1427 1320 1998 1357 1258 1228 1147 1578 1427 1807 1029 1086 1091 1365 1405 1442 1928 1748 1048 1877 1533 1879 1827 1752 1547 1211 1155 1925 1687 1748 1224 1925 1952 1076 1778 1307 1058 1990 1641 1139 1300 1765 1647 1702 1980 1426 1639 1356 1023 1591 1386 1111 1082 1331 1843 1913 1820 1598 1367 1801 1750 1551 1577 1980 1340 1402 1468 1172 1615 1275 1973 1600 1866 1259 1498 1580 1286 1636 1038 1464 1185 1105 BCNSPRNW ULIB Ver.6.0+V

เปลี่ยนเป็นภาษาไทย

Change to English
 แสดงรายละเอียดบรรณานุกรม
  กลับหน้าหลัก

Brief Record : Get Marc (ISO 2709) : E-mail record : QR code < ปิดหน้าต่าง
LEADER : 00000nam 2200000uu 4500
001    13399112327
003     ULIB
008    110627s2554||||th 000 0 tha d
020    9786167389332
090    นว.^bก333ส 2554
100 0  กษิรา
245 00 เสิร์ฟรักรสกาแฟ...Cup of love/^cกษิรา
260    กรุงเทพฯ :^bบีไมน์,^c2554
300    408 หน้า
710 1  บีไมน์
945    ^p260^l0^i030401
995    ทศพร
999 ^a ใช้งานได้ทุกระบบ
รายการนี้ยังไม่มีแท็ก
คุณยังไม่ได้ล็อกอิน คุณสามารถมีกิจกรรมร่วมกับเว็บไซต์ได้ แต่ต้องล็อกอินก่อน ::
  ล็อกอิน

รายการสื่อสารสนเทศ

ลำดับที่ ประเภท เลขเรียก/บาร์โค้ด สถานที่ สถานะ
- ไม่พบข้อมูล -

BibComment


ยังไม่เคยถูกคอมเมนท์

คอมเมนท์ทรัพยากรรายการนี้
  คอมเมนท์: เสิร์ฟรักรสกาแฟCu..


 Copyright 2026. Bcnsprnw @Library